Ridiculously Obvious Signs Quiz Stats

 Plays Quiz Updated Aug 21, 2017

Support Sporcle.
Go Orange.
Score 0/22 Timer 05:00
7 Plays Today
% Correct
Away
97.7%
Swim
97.3%
Peanuts
97%
Level
96.7%
Open
95.5%
Press
95.2%
Drinking
94.8%
Doorknob
94.6%
Battery
94.3%
Ends
92.7%
Under
90.9%
% Correct
Edges
90.8%
Move
90.7%
Water
89.7%
Food
88.6%
Window
88.5%
Opening
88.3%
Hill
83.5%
Not
83.1%
Sand
81.3%
Swallow
77.3%
Hot
76.9%

From the Vault

Band and Musician Keychains II

by timmylemoine1

Music 5m
Musicians know all about using the right key.
Remove Ads.
Support Sporcle.
Get the best of Sporcle when you Go Orange. This ad-free experience offers more features, more stats, and more fun while also helping to support Sporcle. Thank you for becoming a member.

Show Comments

Extras

Top Quizzes Today


Score Distribution

Your Account Isn't Verified!

In order to create a playlist on Sporcle, you need to verify the email address you used during registration. Go to your Sporcle Settings to finish the process.

Report this User

Report this user for behavior that violates our Community Guidelines.

Details: